Statistiken für Länder der Welt ohne a

Klicken Sie hier um das Quiz zu spielen!

Allgemein

  • Dieses Quiz wurde 933 mal gespielt
  • Das Durchschnittsergebnis liegt bei 33 aus 46

Antwortstatistiken

Antwort% Korrekt
Schweden
92%
Belgien
90%
Norwegen
89%
Schweiz
88%
Chile
84%
Luxemburg
84%
Polen
84%
Indien
83%
Österreich
83%
Serbien
83%
Liechtenstein
82%
Slowenien
82%
Tschechien
82%
Mexiko
81%
Jemen
80%
Peru
80%
Türkei
76%
Fidschi
75%
Indonesien
75%
Kosovo
75%
Togo
75%
Tunesien
75%
Libyen
74%
Niger
73%
Belize
72%
Bolivien
72%
Zypern
72%
Benin
71%
Syrien
71%
Kolumbien
70%
Montenegro
70%
Lesotho
69%
Kongo
68%
Brunei
66%
Georgien
65%
Seychellen
63%
Dschibuti
61%
Mongolei
61%
Burundi
60%
Elfenbeinküste
60%
Mikronesien
60%
Philippinen
60%
Komoren
58%
Osttimor
55%
St. Kitts und Nevis
47%
Vereinigtes Königreich
47%

Verteilung der Resultate

Perzentil nach korrekt beantworteten Fragen

Anzahl Personen mit jedem Resultat

Ihre Resultats-Entwicklung

Sie haben dieses Quiz noch nicht gespielt